| 000 | 00408nam a22001577a 4500 | ||
|---|---|---|---|
| 020 | _a9780521603218 | ||
| 082 |
_a55.49 _bING/GR |
||
| 100 |
_aIngebritsen,Steven E. _9668 |
||
| 100 |
_aSanford,Ward E. _9669 |
||
| 100 |
_aNeuzil,Christopher E. _9670 |
||
| 245 | _aGroundwater in Geologic Processes | ||
| 250 | _a2 nd | ||
| 260 |
_aNew York _bCambridge University Press _c2006 |
||
| 300 | _a 536 | ||
| 942 | _cBK | ||
| 999 |
_c14415 _d14415 |
||